000 01009cam a22003134a 4500
001 15699670
003 OSt
005 20150408114110.0
008 090414s2010 caua 001 0 eng
010 _a 2009419029
020 _a9780321560285
020 _a9780321799166
020 _a0321560280
040 _aDLC
_cDLC
_dDLC
050 0 0 _aQR63
_b.J65 2010
082 0 0 _a579.078
_222
_bJTL
100 1 _aJohnson, Ted R.,
_d1946-
_919455
245 1 0 _aLaboratory experiments in microbiology /
_cTed R. Johnson, Christine L. Case.
250 _a9th ed.
260 _aSan Francisco :
_bBenjamin/Cummings,
_cc2010.
300 _a1 v. (various pagings) :
_bill (chiefly col.) ;
_c28 cm.
500 _aIncludes index.
500 _aSpiral bound.
650 0 _aMicrobiology
_vLaboratory manuals.
_96599
700 1 _aCase, Christine L.,
_d1948-
_919456
906 _a7
_bcbc
_corigcop
_d2
_encip
_f20
_gy-gencatlg
942 _2ddc
_cDVD
999 _c26786
_d261286